000 00696nam a2200253Ia 4500
005 20250425162456.0
008 250425s9999 xx 000 0 und d
020 _a9789978172032
041 _aspa
043 _aec
082 _a341.0263
100 _aEDITORIAL, JURIDICA DEL ECUADOR
245 0 _aLEY ORGANICA DE REGIMEN TRIBUTARIO INTERNO
250 _a1A ED.
260 _aEcuador
_bEDITORIAL JURIDICA DEL ECUADOR
_c2011
260 _aQUITO
_bEDITORIAL JURIDICA DEL ECUADOR
300 _a360
500 _a(Febrero 2011)
650 _aIMPUESTO A LA RENTA
650 _aLEY DE REGIMEN TRIBUTARIO
710 _aEDITORIAL JURIDICA DEL ECUADOR
942 _c01
010 _a76580
999 _c230010
_d230010